00687nam a22002177a 4500003000900000005001700009008002800026020001500054040002200069082002700091100002600118245004200144260007500186300002200261500004300283534004700326650001200373650003800385650001900423650002700442DO-SdBNP20240117123653.0161031b2006 pe 00| 0 spa d a997270646X aBPMSUbspacBPMSU 4a306.87bD134f 20062221 aIkeda, Daisakud1928-13aLa familia creativa /cDaisaku Ikeda  aPeru : bAsociación peruana de la Soka Gakkai Internacional, c2006. a188 p. ;c22 cm.  aIncluye datos biográficos del autor. aTítulo original : tThe creative family  4aFamilia 4aEducación para la vida familiar 4aPadres e hijos 4aRelaciones de pareja.